| 000 | 00609nam a2200193 i 4500 | ||
|---|---|---|---|
| 001 | 133797 | ||
| 003 | ES-MaACL | ||
| 005 | 20250902054932.0 | ||
| 007 | t| | ||
| 008 | 070829s1969 sp ||||1| spa d | ||
| 100 | 1 |
_aWorms, G. _9156481 |
|
| 245 | 1 | 0 |
_aMétodos modernos de economía aplicada / _cpor G. Worms ; [traducción por César Villazón]. |
| 260 |
_aBarcelona : _bHispano Europea, _c[1969] |
||
| 300 |
_a334 p. : _bil. ; _c21 cm. |
||
| 650 | 0 | 7 |
_aEconomía de la empresa _2embne _912022 |
| 700 | 1 |
_aVillazón, César. _9115195 |
|
| 852 |
_aES-MaACL _jC-35969 _bR.69718 |
||
| 999 |
_c133797 _d133797 |
||